Leeds United club record signings Quiz Stats

 Plays Quiz not verified by Sporcle

Challenge
Share
Tweet
Embed
Score 0/19 Timer 06:00
0 Plays Today
Fee Name % Correct
18mRio Ferdinand
97.9%
6mMark Viduka
82.1%
7.2mOlivier Dacourt
64.8%
3.4mTony Yeboah
60.1%
5mMichael Bridges
56.3%
4.5mTomas Brolin
51.3%
1.6mRod Wallace
51%
2.9mBrian Deane
49%
1.3mTony Dorigo
41.9%
165kAllan Clarke
40.5%
Fee Name % Correct
1m John Lukic
36.4%
100kMick Jones
31.7%
53kJohn Charles
31.4%
2mDavid Rocastle
27.6%
250kDuncan McKenzie
23.5%
930kPeter Barnes
18.2%
300kPaul Hart
11.1%
357kKevin Hird
10%
370kAlan Curtis
7.3%

You're not logged in!

Compare scores with friends on all Sporcle quizzes.
OR
Log In

You Might Also Like...

Show Comments

Extras

Top Quizzes Today


Score Distribution

Your Account Isn't Verified!

In order to create a playlist on Sporcle, you need to verify the email address you used during registration. Go to your Sporcle Settings to finish the process.

Report this User

Report this user for behavior that violates our Community Guidelines.

Details: